[Event "FIDE Chesscom Grand Swiss 2021"]
[Site "Riga"]
[Date "2021.11.07"]
[Round "11.42"]
[White "Jumabayev, Rinat"]
[Black "Goryachkina, Aleksandra"]
[Result "0-1"]
[WhiteElo "2658"]
[BlackElo "2602"]
[Annotator "RC"]
[PlyCount "136"]
[EventDate "2021.10.27"]
[EventType "swiss"]
[EventCountry "LAT"]
[Tiebreak "Cut1 Buchholz+Sonneborn-Berger (Swiss)"]
[SourceTitle "playchess.com"]
[Source "ChessBase"]
[SourceQuality "1"]
[TimeControl "40/6000+30:20/3000+30:900+30"]

1. Nf3 {[%emt 0:00:08]} d5 {[%emt 0:00:11]} 2. g3 {[%emt 0:00:06]} g6 {[%emt 0:
00:29]} 3. Bg2 {[%emt 0:00:15]} Bg7 {[%emt 0:00:20]} 4. O-O {[%emt 0:00:16]}
Nf6 {[%emt 0:00:20]} 5. c4 {[%emt 0:00:09]} c6 {[%emt 0:00:31]} 6. b3 {[%emt 0:
00:10]} Ne4 {[%emt 0:01:48]} 7. d4 {[%emt 0:03:18]} O-O {[%emt 0:00:38]} 8. e3
{[%emt 0:07:24]} a5 {[%emt 0:05:18]} 9. Na3 {[%emt 0:12:57]} Bf5 {[%emt 0:06:
03]} 10. Bb2 {[%emt 0:03:13]} Nd7 {[%emt 0:07:31]} 11. Qe2 {[%emt 0:03:42]} Qb6
{[%emt 0:14:14]} 12. Nh4 {[%emt 0:40:39]} Be6 {[%emt 0:07:14]} 13. f3 {[%emt 0:
02:16]} Nef6 {[%emt 0:00:08]} 14. e4 {[%emt 0:01:36]} g5 {[%emt 0:12:32]} 15.
Nf5 {[%emt 0:01:36]} Bxf5 {[%emt 0:00:27]} 16. exf5 {[%emt 0:00:02]} Rae8 {
[%emt 0:00:47]} 17. Bh3 {[%emt 0:05:34]} Kh8 {[%emt 0:02:21]} 18. Kh1 {[%emt 0:
02:15]} e6 {[%emt 0:05:04]} 19. fxe6 {[%emt 0:04:13]} fxe6 {[%emt 0:00:06]} 20.
Nc2 {[%emt 0:00:10]} dxc4 {[%emt 0:09:19]} 21. Qxc4 {[%emt 0:00:46]} Nd5 {
[%emt 0:01:30]} 22. Rae1 {[%emt 0:01:07]} Rf6 {[%emt 0:02:42]} 23. Bg4 {
[%emt 0:02:31]} Qc7 {[%emt 0:02:02]} 24. Re2 {[%emt 0:01:30]} N7b6 {[%emt 0:01:
52]} 25. Qd3 {[%emt 0:00:20]} Qf7 {[%emt 0:01:40]} 26. Bc1 {[%emt 0:04:44]} h5
{[%emt 0:05:43]} 27. Bh3 {[%emt 0:00:14]} Bh6 {[%emt 0:00:52]} 28. Re5 {
[%emt 0:03:03]} Rg8 {[%emt 0:02:46]} 29. Qe2 {[%emt 0:00:30]} Rgg6 {[%emt 0:06:
58]} 30. Ne1 {[%emt 0:07:49]} Nd7 {[%emt 0:03:31]} 31. Nd3 {[%emt 0:01:56]} Qe7
{[%emt 0:00:30]} 32. f4 {[%emt 0:00:30]} gxf4 {[%emt 0:05:25]} 33. Rxh5 {
[%emt 0:00:46]} fxg3 {[%emt 0:02:55]} 34. Ne5 {[%emt 0:00:15]} Nxe5 {[%emt 0:
01:31]} 35. dxe5 {[%emt 0:01:26]} Rxf1+ {[%emt 0:00:36]} 36. Qxf1 {[%emt 0:00:
09]} Kg7 {[%emt 0:00:41]} 37. Rxh6 {[%emt 0:00:41]} Rxh6 {[%emt 0:00:02]} 38.
Bxh6+ {[%emt 0:00:05]} Kxh6 {[%emt 0:00:07]} 39. hxg3 {[%emt 0:00:07]} Kg7 {
[%emt 0:01:38]} 40. Qc1 {[%emt 0:00:49]} Nc7 {[%emt 0:00:49]} 41. Kg2 {[%emt 0:
09:20]} Qd8 {[%emt 0:05:49]} 42. Qf4 {[%emt 0:03:28]} Qd5+ {[%emt 0:02:01]} 43.
Kh2 {[%emt 0:02:05]} Qd8 {[%emt 0:01:01]} 44. Qe3 {[%emt 0:06:47]} Qd7 {
[%emt 0:04:56]} 45. Qg5+ {[%emt 0:02:33]} Kf8 {[%emt 0:00:32]} 46. Bg4 {
[%emt 0:06:25]} Qf7 {[%emt 0:07:08]} 47. Kg2 {[%emt 0:09:20]} Nd5 {[%emt 0:03:
05]} 48. Qd8+ {[%emt 0:00:06]} Kg7 {[%emt 0:00:17]} 49. Qg5+ {[%emt 0:00:06]}
Kf8 {[%emt 0:00:15]} 50. Bf3 {[%emt 0:02:06]} Qe7 {[%emt 0:04:01]} 51. Qxe7+ {
[%emt 0:06:17]} Kxe7 {[%emt 0:00:23]} 52. a3 {[%emt 0:03:33]} Nb6 {[%emt 0:01:
10]} 53. b4 {[%emt 0:02:54]} axb4 {[%emt 0:01:21]} 54. axb4 {[%emt 0:00:01]}
Nc4 {[%emt 0:02:58]} 55. Kf2 {[%emt 0:01:25]} Nxe5 {[%emt 0:00:18]} 56. Be2 {
[%emt 0:00:03]} Nd7 {[%emt 0:05:55]} 57. Ke3 {[%emt 0:01:10]} Nf6 {[%emt 0:01:
49]} 58. Kd4 {[%emt 0:01:31]} Kd6 {[%emt 0:00:43]} 59. b5 {[%emt 0:01:01]} c5+
{[%emt 0:00:37]} 60. Kd3 {[%emt 0:00:16]} b6 {[%emt 0:01:06]} 61. Ke3 {[%emt 0:
07:56]} Ke5 {[%emt 0:00:31]} 62. Bf3 {[%emt 0:02:34]} Nd5+ {[%emt 0:01:10]} 63.
Kd3 {[%emt 0:00:34]} Ne7 {[%emt 0:00:13]} 64. Bb7 {[%emt 0:05:24]} Nf5 {
[%emt 0:01:25]} 65. g4 {[%emt 0:00:06]} Nd6 {[%emt 0:01:44]} 66. Bc6 {[%emt 0:
00:04]} Kf4 {[%emt 0:01:06]} 67. Bd7 {[%emt 0:00:05]} e5 {[%emt 0:00:09]} 68.
Ke2 {[%emt 0:00:15]} Ne4 {[%emt 0:00:47]} 0-1

[Event "FIDE Chesscom Grand Swiss 2021"]
[Site "Riga"]
[Date "2021.11.07"]
[Round "11.43"]
[White "Durarbayli, Vasif"]
[Black "Bartel, Mateusz"]
[Result "1/2-1/2"]
[WhiteElo "2629"]
[BlackElo "2597"]
[Annotator "RC"]
[PlyCount "150"]
[EventDate "2021.10.27"]
[EventType "swiss"]
[EventCountry "LAT"]
[Tiebreak "Cut1 Buchholz+Sonneborn-Berger (Swiss)"]
[SourceTitle "playchess.com"]
[Source "ChessBase"]
[SourceQuality "1"]
[TimeControl "40/6000+30:20/3000+30:900+30"]

1. e4 {[%emt 0:00:03]} e5 {[%emt 0:00:05]} 2. Nf3 {[%emt 0:00:07]} Nc6 {
[%emt 0:00:05]} 3. d4 {[%emt 0:00:04]} exd4 {[%emt 0:00:07]} 4. Nxd4 {[%emt 0:
00:04]} Bc5 {[%emt 0:00:08]} 5. Nb3 {[%emt 0:00:06]} Bb6 {[%emt 0:00:08]} 6.
Qe2 {[%emt 0:00:08]} d6 {[%emt 0:02:30]} 7. Nc3 {[%emt 0:01:39]} a5 {[%emt 0:
00:02]} 8. Nd5 {[%emt 0:04:54]} a4 {[%emt 0:01:55]} 9. Nd2 {[%emt 0:04:03]} Bc5
{[%emt 0:05:36]} 10. b4 {[%emt 0:11:38]} axb3 {[%emt 0:08:37]} 11. Nxb3 {
[%emt 0:01:21]} Ba3 {[%emt 0:00:06]} 12. Bd2 {[%emt 0:09:43]} Nge7 {[%emt 0:02:
07]} 13. Bc3 {[%emt 0:00:29]} O-O {[%emt 0:07:41]} 14. Qd2 {[%emt 0:01:51]} Ra4
{[%emt 0:12:48]} 15. f3 {[%emt 0:20:44]} Nxd5 {[%emt 0:02:43]} 16. exd5 {
[%emt 0:00:06]} Ne5 {[%emt 0:00:56]} 17. Bb5 {[%emt 0:10:30]} Qh4+ {[%emt 0:00:
15]} 18. Qf2 {[%emt 0:00:06]} Bb4 {[%emt 0:00:08]} 19. Bd2 {[%emt 0:01:59]}
Bxd2+ {[%emt 0:08:40]} 20. Nxd2 {[%emt 0:00:05]} Qxf2+ {[%emt 0:00:24]} 21.
Kxf2 {[%emt 0:00:02]} Rd4 {[%emt 0:00:08]} 22. Nb3 {[%emt 0:04:51]} Rxd5 {
[%emt 0:00:57]} 23. c4 {[%emt 0:00:43]} Rd3 {[%emt 0:00:20]} 24. c5 {[%emt 0:
00:05]} Rc3 {[%emt 0:18:30]} 25. cxd6 {[%emt 0:00:54]} Rc2+ {[%emt 0:00:11]}
26. Kg3 {[%emt 0:04:13]} f5 {[%emt 0:11:47]} 27. f4 {[%emt 0:03:21]} Rc3+ {
[%emt 0:00:33]} 28. Kf2 {[%emt 0:00:06]} Ng4+ {[%emt 0:00:09]} 29. Ke2 {
[%emt 0:03:28]} Re3+ {[%emt 0:00:36]} 30. Kf1 {[%emt 0:01:42]} cxd6 {[%emt 0:
02:45]} 31. Rc1 {[%emt 0:01:26]} Re4 {[%emt 0:02:20]} 32. g3 {[%emt 0:00:06]}
Be6 {[%emt 0:00:04]} 33. h3 {[%emt 0:02:29]} Ne3+ {[%emt 0:00:30]} 34. Kf2 {
[%emt 0:00:02]} Ra8 {[%emt 0:00:07]} 35. Bd3 {[%emt 0:02:48]} Rxa2+ {[%emt 0:
01:14]} 36. Kf3 {[%emt 0:00:01]} Rb4 {[%emt 0:07:19]} 37. Nd4 {[%emt 0:00:08]}
Rxd4 {[%emt 0:01:48]} 38. Kxe3 {[%emt 0:00:01]} Rb4 {[%emt 0:00:09]} 39. Rb1 {
[%emt 0:00:14]} Rab2 {[%emt 0:00:30]} 40. Rxb2 {[%emt 0:00:30]} Rxb2 {[%emt 0:
00:30]} 41. g4 {[%emt 0:50:30]} Kf7 {[%emt 0:50:30]} 42. Rc1 {[%emt 0:00:30]}
fxg4 {[%emt 0:00:30]} 43. hxg4 {[%emt 0:00:30]} Bxg4 {[%emt 0:00:30]} 44. Bxh7
{[%emt 0:00:30]} Re2+ {[%emt 0:11:43]} 45. Kd3 {[%emt 0:10:59]} Re7 {[%emt 0:
00:13]} 46. Be4 {[%emt 0:01:37]} Kf6 {[%emt 0:00:19]} 47. Kd4 {[%emt 0:00:14]}
Bf5 {[%emt 0:01:10]} 48. Bd5 {[%emt 0:00:16]} Bg6 {[%emt 0:00:42]} 49. Rg1 {
[%emt 0:02:21]} Be8 {[%emt 0:02:57]} 50. Be4 {[%emt 0:00:29]} Rc7 {[%emt 0:00:
00]} 51. Rg5 {[%emt 0:00:00]} b5 {[%emt 0:00:00]} 52. Rf5+ {[%emt 0:00:00]} Ke6
{[%emt 0:00:00]} 53. Rf8 {[%emt 0:00:00]} Rc4+ {[%emt 0:00:00]} 54. Ke3 {
[%emt 0:00:00]} Bc6 {[%emt 0:00:00]} 55. Bd3 {[%emt 0:00:00]} Ra4 {[%emt 0:00:
00]} 56. Rg8 {[%emt 0:00:00]} Ra7 {[%emt 0:00:00]} 57. Rc8 {[%emt 0:00:00]} Bd7
{[%emt 0:00:00]} 58. Rg8 {[%emt 0:00:00]} Kf7 {[%emt 0:00:00]} 59. Rb8 {
[%emt 0:00:00]} Ra3 {[%emt 0:00:00]} 60. Rb7 {[%emt 0:00:00]} Ke8 {[%emt 0:00:
00]} 61. Kd4 {[%emt 0:00:00]} Ra4+ {[%emt 0:00:00]} 62. Ke3 {[%emt 0:00:00]}
Rb4 {[%emt 0:00:00]} 63. Rb8+ {[%emt 0:00:00]} Ke7 {[%emt 0:00:00]} 64. Rg8 {
[%emt 0:00:00]} Kf7 {[%emt 0:00:00]} 65. Rd8 {[%emt 0:00:00]} Ke6 {[%emt 0:00:
00]} 66. Rg8 {[%emt 0:00:00]} Kf7 {[%emt 0:00:00]} 67. Rd8 {[%emt 0:00:00]} Be6
{[%emt 0:00:00]} 68. Rxd6 {[%emt 0:00:00]} Rb3 {[%emt 0:00:00]} 69. Kd4 {
[%emt 0:00:00]} Bc4 {[%emt 0:00:00]} 70. Bxc4+ {[%emt 0:00:00]} bxc4 {[%emt 0:
00:00]} 71. Rc6 {[%emt 0:00:00]} c3 {[%emt 0:00:00]} 72. Rxc3 {[%emt 0:00:00]}
Rxc3 {[%emt 0:00:00]} 73. Kxc3 {[%emt 0:00:00]} Kf6 {[%emt 0:00:00]} 74. Kd4 {
[%emt 0:00:00]} g5 {[%emt 0:00:00]} 75. fxg5+ {[%emt 0:00:00]} Kxg5 {[%emt 0:
00:04]} 1/2-1/2

[Event "FIDE Chesscom Grand Swiss 2021"]
[Site "Riga"]
[Date "2021.11.07"]
[Round "11.44"]
[White "Pichot, Alan"]
[Black "Gretarsson, Hjorvar Steinn"]
[Result "1-0"]
[WhiteElo "2628"]
[BlackElo "2577"]
[Annotator "RC"]
[PlyCount "79"]
[EventDate "2021.10.27"]
[EventType "swiss"]
[EventCountry "LAT"]
[Tiebreak "Cut1 Buchholz+Sonneborn-Berger (Swiss)"]
[SourceTitle "playchess.com"]
[Source "ChessBase"]
[SourceQuality "1"]
[TimeControl "40/6000+30:20/3000+30:900+30"]

1. e4 {[%emt 0:00:03]} c6 {[%emt 0:02:25]} 2. d4 {[%emt 0:00:08]} d5 {[%emt 0:
01:15]} 3. e5 {[%emt 0:00:07]} Bf5 {[%emt 0:00:06]} 4. h4 {[%emt 0:00:05]} h5 {
[%emt 0:00:55]} 5. Bd3 {[%emt 0:00:06]} Bxd3 {[%emt 0:00:16]} 6. Qxd3 {[%emt 0:
00:05]} Qa5+ {[%emt 0:00:52]} 7. b4 {[%emt 0:00:07]} Qxb4+ {[%emt 0:04:54]} 8.
Nd2 {[%emt 0:00:06]} e6 {[%emt 0:04:43]} 9. Rb1 {[%emt 0:00:07]} Qe7 {[%emt 0:
00:06]} 10. Ne2 {[%emt 0:00:04]} b5 {[%emt 0:08:32]} 11. Nf3 {[%emt 0:00:19]}
Na6 {[%emt 0:17:05]} 12. O-O {[%emt 0:02:19]} Nc7 {[%emt 0:03:18]} 13. a4 {
[%emt 0:04:40]} Qd7 {[%emt 0:04:05]} 14. Nf4 {[%emt 0:07:22]} a5 {[%emt 0:12:
43]} 15. Bd2 {[%emt 0:07:54]} Ne7 {[%emt 0:07:33]} 16. Ra1 {[%emt 0:01:12]} b4
{[%emt 0:09:39]} 17. c3 {[%emt 0:01:45]} Nf5 {[%emt 0:02:11]} 18. cxb4 {
[%emt 0:01:52]} axb4 {[%emt 0:00:07]} 19. Rfc1 {[%emt 0:06:39]} Na6 {[%emt 0:
02:13]} 20. Qc2 {[%emt 0:15:51]} c5 {[%emt 0:01:18]} 21. dxc5 {[%emt 0:00:04]}
Bxc5 {[%emt 0:00:42]} 22. Qd3 {[%emt 0:00:14]} g6 {[%emt 0:09:18]} 23. Qb5 {
[%emt 0:25:23]} Nd4 {[%emt 0:01:18]} 24. Nxd4 {[%emt 0:00:11]} Bxd4 {[%emt 0:
00:07]} 25. Rab1 {[%emt 0:02:24]} Bxe5 {[%emt 0:04:06]} 26. Nd3 {[%emt 0:04:05]
} Bc3 {[%emt 0:11:54]} 27. Bxc3 {[%emt 0:03:14]} bxc3 {[%emt 0:00:05]} 28. Rxc3
{[%emt 0:00:06]} Rb8 {[%emt 0:00:30]} 29. Qxb8+ {[%emt 0:00:08]} Nxb8 {[%emt 0:
00:04]} 30. Rxb8+ {[%emt 0:00:07]} Ke7 {[%emt 0:00:06]} 31. Rxh8 {[%emt 0:00:
06]} Qxa4 {[%emt 0:00:24]} 32. Rhc8 {[%emt 0:03:59]} Kf6 {[%emt 0:02:50]} 33.
Nc5 {[%emt 0:02:07]} Qd1+ {[%emt 0:00:27]} 34. Kh2 {[%emt 0:00:02]} Qd4 {
[%emt 0:00:48]} 35. Rf3+ {[%emt 0:01:05]} Kg7 {[%emt 0:00:15]} 36. g3 {[%emt 0:
02:07]} Qe5 {[%emt 0:01:45]} 37. Rf8 {[%emt 0:01:11]} f5 {[%emt 0:00:00]} 38.
Re3 {[%emt 0:00:43]} Qb2 {[%emt 0:00:00]} 39. Nxe6+ {[%emt 0:00:00]} Kh6 {
[%emt 0:00:00]} 40. Kg2 {[%emt 0:00:23]} 1-0

[Event "FIDE Chesscom Grand Swiss 2021"]
[Site "Riga"]
[Date "2021.11.07"]
[Round "11.45"]
[White "Kollars, Dmitrij"]
[Black "Suleymanli, Aydin"]
[Result "1-0"]
[WhiteElo "2621"]
[BlackElo "2541"]
[Annotator "RC"]
[PlyCount "113"]
[EventDate "2021.10.27"]
[EventType "swiss"]
[EventCountry "LAT"]
[Tiebreak "Cut1 Buchholz+Sonneborn-Berger (Swiss)"]
[SourceTitle "playchess.com"]
[Source "ChessBase"]
[SourceQuality "1"]
[TimeControl "40/6000+30:20/3000+30:900+30"]

1. e4 {[%emt 0:01:48]} e6 {[%emt 0:00:07]} 2. d4 {[%emt 0:00:07]} d5 {[%emt 0:
00:05]} 3. Nd2 {[%emt 0:00:24]} dxe4 {[%emt 0:00:34]} 4. Nxe4 {[%emt 0:00:06]}
Nd7 {[%emt 0:00:04]} 5. Nf3 {[%emt 0:01:34]} Ngf6 {[%emt 0:00:05]} 6. Nxf6+ {
[%emt 0:00:27]} Nxf6 {[%emt 0:00:06]} 7. c3 {[%emt 0:00:07]} c5 {[%emt 0:00:42]
} 8. Ne5 {[%emt 0:01:14]} a6 {[%emt 0:01:16]} 9. Qa4+ {[%emt 0:01:58]} Bd7 {
[%emt 0:00:18]} 10. Nxd7 {[%emt 0:00:07]} Qxd7 {[%emt 0:00:11]} 11. Qxd7+ {
[%emt 0:00:37]} Nxd7 {[%emt 0:01:07]} 12. Be3 {[%emt 0:05:30]} cxd4 {[%emt 0:
00:26]} 13. Bxd4 {[%emt 0:00:07]} O-O-O {[%emt 0:00:18]} 14. Rd1 {[%emt 0:06:
18]} Rg8 {[%emt 0:01:21]} 15. Be3 {[%emt 0:04:37]} Be7 {[%emt 0:07:16]} 16. Bd3
{[%emt 0:03:08]} h6 {[%emt 0:02:49]} 17. Bc2 {[%emt 0:14:18]} Nf6 {[%emt 0:00:
35]} 18. O-O {[%emt 0:01:21]} Nd5 {[%emt 0:00:23]} 19. Bc1 {[%emt 0:04:03]} Rd7
{[%emt 0:06:37]} 20. g3 {[%emt 0:07:03]} Rgd8 {[%emt 0:00:14]} 21. Rfe1 {
[%emt 0:00:31]} Bf6 {[%emt 0:00:54]} 22. Rd3 {[%emt 0:07:04]} Nc7 {[%emt 0:01:
33]} 23. Rxd7 {[%emt 0:02:30]} Rxd7 {[%emt 0:00:45]} 24. Kf1 {[%emt 0:03:21]}
Rd5 {[%emt 0:03:04]} 25. Be4 {[%emt 0:02:19]} Ra5 {[%emt 0:00:25]} 26. a3 {
[%emt 0:00:25]} Rb5 {[%emt 0:01:48]} 27. Rd1 {[%emt 0:02:09]} Re5 {[%emt 0:03:
19]} 28. Bg2 {[%emt 0:02:23]} Rc5 {[%emt 0:02:09]} 29. Ke2 {[%emt 0:03:57]} Nd5
{[%emt 0:02:53]} 30. Rd3 {[%emt 0:00:23]} b5 {[%emt 0:01:56]} 31. Bd2 {[%emt 0:
02:33]} Kc7 {[%emt 0:02:54]} 32. Kd1 {[%emt 0:03:06]} a5 {[%emt 0:04:06]} 33.
b4 {[%emt 0:05:54]} Rxc3 {[%emt 0:01:13]} 34. Bxc3 {[%emt 0:00:41]} Nxc3+ {
[%emt 0:00:08]} 35. Kd2 {[%emt 0:05:01]} axb4 {[%emt 0:00:20]} 36. axb4 {
[%emt 0:00:04]} Na2 {[%emt 0:03:19]} 37. Ra3 {[%emt 0:00:37]} Nxb4 {[%emt 0:00:
06]} 38. Ra7+ {[%emt 0:00:06]} Kd6 {[%emt 0:02:32]} 39. Rxf7 {[%emt 0:00:34]}
Nd5 {[%emt 0:00:10]} 40. Rb7 {[%emt 0:13:41]} Kc6 {[%emt 0:03:53]} 41. Rb8 {
[%emt 0:54:07]} Be5 {[%emt 0:52:05]} 42. Rc8+ {[%emt 0:00:53]} Kd7 {[%emt 0:01:
04]} 43. Ra8 {[%emt 0:04:16]} Nc7 {[%emt 0:02:32]} 44. Rb8 {[%emt 0:00:00]} Bd4
{[%emt 0:00:00]} 45. f4 {[%emt 0:00:00]} Bg1 {[%emt 0:00:00]} 46. Rg8 {[%emt 0:
00:00]} Bd4 {[%emt 0:00:00]} 47. Kd3 {[%emt 0:00:00]} Bf6 {[%emt 0:00:00]} 48.
Rb8 {[%emt 0:00:00]} Be7 {[%emt 0:00:00]} 49. h4 {[%emt 0:00:00]} Ba3 {[%emt 0:
00:00]} 50. h5 {[%emt 0:00:00]} Bb2 {[%emt 0:00:00]} 51. Rb6 {[%emt 0:00:00]}
e5 {[%emt 0:00:00]} 52. f5 {[%emt 0:00:00]} b4 {[%emt 0:15:26]} 53. Rxb4 {
[%emt 0:00:00]} Bd4 {[%emt 0:00:12]} 54. Rb8 {[%emt 0:00:00]} Ke7 {[%emt 0:00:
32]} 55. Rb7 {[%emt 0:00:00]} Kd6 {[%emt 0:00:08]} 56. g4 {[%emt 0:00:00]} Ba1
{[%emt 0:00:51]} 57. Be4 {[%emt 0:00:00]} 1-0

[Event "FIDE Chesscom Grand Swiss 2021"]
[Site "Riga"]
[Date "2021.11.07"]
[Round "11.46"]
[White "Ivic, Velimir"]
[Black "Vokhidov, Shamsiddin"]
[Result "1/2-1/2"]
[WhiteElo "2606"]
[BlackElo "2521"]
[Annotator "RC"]
[PlyCount "178"]
[EventDate "2021.10.27"]
[EventType "swiss"]
[EventCountry "LAT"]
[Tiebreak "Cut1 Buchholz+Sonneborn-Berger (Swiss)"]
[SourceTitle "playchess.com"]
[Source "ChessBase"]
[SourceQuality "1"]
[TimeControl "40/6000+30:20/3000+30:900+30"]

1. e4 {[%emt 0:00:04]} c5 {[%emt 0:00:02]} 2. Nf3 {[%emt 0:00:05]} d6 {[%emt 0:
00:02]} 3. d4 {[%emt 0:00:06]} cxd4 {[%emt 0:00:03]} 4. Nxd4 {[%emt 0:00:06]}
Nf6 {[%emt 0:00:04]} 5. Nc3 {[%emt 0:00:03]} Nc6 {[%emt 0:00:03]} 6. Bg5 {
[%emt 0:00:06]} e6 {[%emt 0:00:05]} 7. Qd2 {[%emt 0:00:04]} Be7 {[%emt 0:00:05]
} 8. O-O-O {[%emt 0:05:56]} a6 {[%emt 0:00:10]} 9. f3 {[%emt 0:02:07]} Nxd4 {
[%emt 0:01:01]} 10. Qxd4 {[%emt 0:00:05]} b5 {[%emt 0:00:03]} 11. Kb1 {[%emt 0:
04:19]} Bb7 {[%emt 0:00:11]} 12. Bc1 {[%emt 0:03:48]} Qc7 {[%emt 0:11:00]} 13.
g4 {[%emt 0:19:55]} b4 {[%emt 0:17:47]} 14. Qxb4 {[%emt 0:08:30]} d5 {[%emt 0:
00:06]} 15. Qd4 {[%emt 0:00:51]} Bc5 {[%emt 0:09:02]} 16. Qd2 {[%emt 0:05:13]}
dxe4 {[%emt 0:02:16]} 17. g5 {[%emt 0:07:11]} e3 {[%emt 0:01:22]} 18. Qe2 {
[%emt 0:07:19]} Ng4 {[%emt 0:10:35]} 19. Rg1 {[%emt 0:08:46]} Ne5 {[%emt 0:13:
12]} 20. Rg3 {[%emt 0:01:19]} O-O {[%emt 0:04:14]} 21. Bxe3 {[%emt 0:03:29]}
Bxe3 {[%emt 0:00:05]} 22. Qxe3 {[%emt 0:00:03]} Rfd8 {[%emt 0:00:03]} 23. Re1 {
[%emt 0:02:59]} Ng6 {[%emt 0:00:34]} 24. Bd3 {[%emt 0:04:24]} Nf4 {[%emt 0:02:
10]} 25. Be4 {[%emt 0:00:38]} Rab8 {[%emt 0:00:14]} 26. Rgg1 {[%emt 0:12:08]}
Bxe4 {[%emt 0:02:32]} 27. Nxe4 {[%emt 0:01:06]} Nd5 {[%emt 0:00:17]} 28. Qc1 {
[%emt 0:02:20]} Qxh2 {[%emt 0:01:40]} 29. Rd1 {[%emt 0:02:48]} Qe2 {[%emt 0:05:
22]} 30. Rd3 {[%emt 0:02:43]} Nb4 {[%emt 0:04:00]} 31. Re3 {[%emt 0:00:35]} Qc4
{[%emt 0:01:12]} 32. b3 {[%emt 0:00:10]} Qc7 {[%emt 0:00:52]} 33. Rc3 {[%emt 0:
03:09]} Qe5 {[%emt 0:01:29]} 34. Re1 {[%emt 0:02:08]} Qa5 {[%emt 0:04:34]} 35.
a3 {[%emt 0:00:17]} Nd5 {[%emt 0:00:06]} 36. Rd3 {[%emt 0:04:17]} Rdc8 {
[%emt 0:04:19]} 37. Red1 {[%emt 0:04:15]} Nc3+ {[%emt 0:03:32]} 38. Rxc3 {
[%emt 0:00:00]} Rxc3 {[%emt 0:00:02]} 39. Qd2 {[%emt 0:00:00]} Rc5 {[%emt 0:00:
24]} 40. Nxc5 {[%emt 0:00:00]} Qxc5 {[%emt 0:00:01]} 41. Kb2 {[%emt 0:10:39]}
Rc8 {[%emt 0:07:32]} 42. f4 {[%emt 0:04:01]} g6 {[%emt 0:03:41]} 43. Re1 {
[%emt 0:07:11]} Qf8 {[%emt 0:01:19]} 44. Qa5 {[%emt 0:07:29]} Qd6 {[%emt 0:01:
51]} 45. Qb4 {[%emt 0:04:21]} Rc5 {[%emt 0:08:57]} 46. Re5 {[%emt 0:06:23]} Rc6
{[%emt 0:00:28]} 47. Qxd6 {[%emt 0:00:25]} Rxd6 {[%emt 0:00:05]} 48. c4 {
[%emt 0:00:20]} f6 {[%emt 0:02:24]} 49. c5 {[%emt 0:02:51]} Rc6 {[%emt 0:01:26]
} 50. gxf6 {[%emt 0:00:05]} Kf7 {[%emt 0:00:08]} 51. b4 {[%emt 0:00:53]} h5 {
[%emt 0:00:23]} 52. a4 {[%emt 0:02:38]} Rc8 {[%emt 0:00:31]} 53. b5 {[%emt 0:
00:39]} axb5 {[%emt 0:01:56]} 54. axb5 {[%emt 0:00:03]} Kxf6 {[%emt 0:00:53]}
55. Kc3 {[%emt 0:02:12]} Rh8 {[%emt 0:01:59]} 56. b6 {[%emt 0:01:44]} h4 {
[%emt 0:00:39]} 57. Kc4 {[%emt 0:01:31]} h3 {[%emt 0:00:22]} 58. Re1 {[%emt 0:
01:12]} Ke7 {[%emt 0:01:20]} 59. Kb5 {[%emt 0:01:14]} h2 {[%emt 0:00:26]} 60.
Rh1 {[%emt 0:00:35]} Kd7 {[%emt 0:03:26]} 61. c6+ {[%emt 0:01:09]} Kc8 {
[%emt 0:00:14]} 62. Ka6 {[%emt 0:01:59]} Rh3 {[%emt 0:00:31]} 63. Kb5 {[%emt 0:
10:48]} Rb3+ {[%emt 0:11:19]} 64. Kc5 {[%emt 0:00:02]} Rc3+ {[%emt 0:00:27]}
65. Kd6 {[%emt 0:00:02]} Rd3+ {[%emt 0:00:09]} 66. Kxe6 {[%emt 0:01:54]} Rc3 {
[%emt 0:00:05]} 67. Kd6 {[%emt 0:00:11]} Rd3+ {[%emt 0:00:13]} 68. Ke6 {
[%emt 0:00:08]} Rc3 {[%emt 0:00:05]} 69. Kd5 {[%emt 0:00:05]} Rc2 {[%emt 0:00:
51]} 70. Kd6 {[%emt 0:03:28]} Rd2+ {[%emt 0:01:02]} 71. Ke7 {[%emt 0:00:36]}
Rc2 {[%emt 0:00:44]} 72. Kf7 {[%emt 0:00:46]} Rxc6 {[%emt 0:01:17]} 73. Rxh2 {
[%emt 0:00:05]} Rxb6 {[%emt 0:00:09]} 74. Rh6 {[%emt 0:00:20]} Rb4 {[%emt 0:00:
56]} 75. Rh4 {[%emt 0:00:04]} Kd7 {[%emt 0:01:20]} 76. Kxg6 {[%emt 0:00:37]}
Ke7 {[%emt 0:00:08]} 77. Rh7+ {[%emt 0:01:16]} Kf8 {[%emt 0:00:08]} 78. f5 {
[%emt 0:00:26]} Rg4+ {[%emt 0:01:14]} 79. Kf6 {[%emt 0:00:01]} Kg8 {[%emt 0:00:
05]} 80. Ra7 {[%emt 0:00:55]} Rb4 {[%emt 0:00:59]} 81. Ra8+ {[%emt 0:00:29]}
Kh7 {[%emt 0:00:02]} 82. Re8 {[%emt 0:00:20]} Rf4 {[%emt 0:04:19]} 83. Rf8 {
[%emt 0:00:55]} Ra4 {[%emt 0:00:52]} 84. Re8 {[%emt 0:00:30]} Rf4 {[%emt 0:00:
22]} 85. Re5 {[%emt 0:00:22]} Kg8 {[%emt 0:00:13]} 86. Re1 {[%emt 0:00:40]} Rf2
{[%emt 0:03:05]} 87. Rg1+ {[%emt 0:00:20]} Kf8 {[%emt 0:00:02]} 88. Rb1 {
[%emt 0:00:18]} Kg8 {[%emt 0:00:01]} 89. Rb5 {[%emt 0:00:47]} Rf1 {[%emt 0:01:
42]} 1/2-1/2

[Event "FIDE Chesscom Grand Swiss 2021"]
[Site "Riga"]
[Date "2021.11.07"]
[Round "11.47"]
[White "Mamedov, Rauf"]
[Black "Movsesian, Sergei"]
[Result "1/2-1/2"]
[WhiteElo "2673"]
[BlackElo "2627"]
[Annotator "TA"]
[PlyCount "30"]
[EventDate "2021.10.27"]
[EventType "swiss"]
[EventCountry "LAT"]
[Tiebreak "Cut1 Buchholz+Sonneborn-Berger (Swiss)"]
[SourceTitle "playchess.com"]
[Source "ChessBase"]
[SourceQuality "1"]

{[%evp 28,29,0,0]} 1. e4 e5 2. Nf3 Nc6 3. Bb5 a6 4. Bxc6 dxc6 5. O-O Bg4 6. h3
h5 7. c3 Qd3 8. hxg4 hxg4 9. Nxe5 Bd6 10. Nxd3 Bh2+ 11. Kh1 Bg3+ 12. Kg1 Bh2+
13. Kh1 Bg3+ 14. Kg1 Bh2+ 15. Kh1 {[#]} {Predecessor:} Bd6+ $146 {C68: Ruy
Lopez: Exchange Variation, sidelines.} 1/2-1/2